Accounting for Holdings of Cryptocurrencies in the Slovak Republic: Comparative Analysis

Cieľom príspevku je porovnať účtovníctvo kryptomien na Slovensku s požiadavkami a odporúčaniami iných tvorcov štandardov a autorít. Slovensko je vybrané, pretože je jednou z prvých krajín, ktoré zavádzajú účtovnú reguláciu pre kryptomeny. Použitie analýzy a porovnávania.

Gespeichert in:
Bibliographische Detailangaben
1. Verfasser: Blahušiaková, Miriama, 1980-
Format: Buchkapitel
Sprache:Englisch
Schlagworte:
Tags: Tag hinzufügen
Keine Tags, Fügen Sie das erste Tag hinzu!

MARC

LEADER 00000naa a2200000 4500
001 0281520
005 20260210121146.1
041 0 |a eng 
044 |a PL 
245 1 0 |a Accounting for Holdings of Cryptocurrencies in the Slovak Republic: Comparative Analysis  |c Miriama Blahušiaková 
520 |a Cieľom príspevku je porovnať účtovníctvo kryptomien na Slovensku s požiadavkami a odporúčaniami iných tvorcov štandardov a autorít. Slovensko je vybrané, pretože je jednou z prvých krajín, ktoré zavádzajú účtovnú reguláciu pre kryptomeny. Použitie analýzy a porovnávania. 
610 2 0 |a mena virtuálna 
610 2 0 |a mena digitálna 
610 2 0 |a regulácia 
610 2 0 |a trh 
610 2 0 |a účtovníctvo 
610 2 0 |a Slovensko 
100 1 |a Blahušiaková, Miriama, 1980-